Tale e quale : Romanzo

Wedi'i Gadw mewn:
Manylion Llyfryddiaeth
Prif Awdur: Crescenzo, Luciano De
Fformat: Llyfr
Iaith:Undetermined
Cyhoeddwyd: Milan, Italia Mondadori 2001
Pynciau:
Tagiau: Ychwanegu Tag
Dim Tagiau, Byddwch y cyntaf i dagio'r cofnod hwn!

MARC

LEADER 00000nam a2200000Ia 4500
008 170316s9999 xx 000 0 und d
040 |a cru BVZT 
090 |a 850 C-7t 
100 |a Crescenzo, Luciano De 
245 |a Tale e quale : Romanzo 
260 |a Milan, Italia  |b Mondadori  |c 2001 
300 |a 134 páginas 
650 |a LITERATURA ITALIANA 
650 |a EN IDIOMA ITALIANO 
650 |a NOVELA 
999 |c 8131  |d 8131 
942 |c 15 D  |h 850 C-7t  |2 z